Procedimientos de Auditoria para la Revisin̤ de Operaciones de Comercio Exterior

Detalles Bibliográficos
Autor principal: Cabeza Garcia, Luis Z.
Formato: eBook
Lenguaje:español
Publicado: Mx̌ico DF: Ediciones Fiscales ISEF, 2015
Materias:
Acceso en línea:Acceso restringido

MARC

LEADER 00000nam a22000007a 4500
005 20150813000043.0
007 cr|||| ||||
008 150813s2015 mx |||||s|||| 00||0 spa d
020 |a 978-368-726-917-5 
035 |a 12803 
040 |a vLex 
090 |c 5536  |d 5536 
100 1 |a Cabeza Garcia, Luis Z. 
245 1 0 |a Procedimientos de Auditoria para la Revisin̤ de Operaciones de Comercio Exterior  |h [Recurso electrn̤ico] /  |c Luis Z. Cabeza Garcia 
256 |a Servicio en ln̕ea 
260 |a Mx̌ico DF:  |b Ediciones Fiscales ISEF,  |c 2015 
300 |a 1 recurso electrn̤ico 
506 1 |a Disponible solo en los productos indicados  |d vLex Global  |d vLex Global (Academic Edition, excluding Law Schools)  |d vLex Global (U.S. Academic Edition, Law Schools)  |d vLex Global (U.S. Academic Edition, excluding Law Schools)  |d vLex Global (Academic Edition, Law Schools) 
650 0 4 |a Derecho Fiscal  |z Mx̌ico 
740 0 |a vLex Libros (Servicio en ln̕ea) 
856 4 0 |u http://vlex.com/source/procedimientos-auditoria-revision-operaciones-comercio-exterior-12803  |z Acceso restringido 
942 |c BOOK 
999 0 |a Tax Law